000 00357nam a2200145Ia 4500
005 20250319215450.0
008 240331s9999 xx 000 0 und d
082 _bPAR
_a894
100 _aParthipan,
245 0 _aViththiyasappadum viththiyasankal
260 _aWest Germany
_bSudasien Buro
_c1987
300 _a56 p .,
650 _aShort Stroy
942 _cL
999 _c4099
_d4099